[Event "GER-chT10 KJ-32 Br04 email"]
[Site "GER email"]
[Date "2013.10.04"]
[Round "?"]
[White "Krabbe, Wolf Dieter"]
[Black "Selle, Uwe"]
[Result "1/2-1/2"]
[WhiteElo "2100"]
[BlackElo "1943"]
[PlyCount "63"]
[EventDate "2013.10.15"]
[EventType "tourn (corr)"]
[EventRounds "4"]
[EventCountry "GER"]
[SourceTitle "Corr 2015"]
[Source "ChessBase"]
[SourceDate "2015.07.17"]
[SourceVersion "1"]
[SourceVersionDate "2015.07.17"]
[SourceQuality "1"]

1. e4 c5 2. Nf3 Nc6 3. Bb5 Nf6 4. Nc3 e5 5. Bxc6 dxc6 6. Nxe5 Nxe4 7. Nxe4 Qd5 8. 0-0 Qxe5 9. Re1 Be7 10. Ng3 Qd6 11. b3 0-0 12. Bb2 Re8 13. Re3 Qg6 14. h3 Bd7 15. Nh5 Bh4 16. Rxe8+ Rxe8 17. Nxg7 Bxh3 18. Qf3 Bg4 19. Qf4 Rd8 20. Re1 h5 21. d3 Bg5 22. Qg3 Kh7 23. f3 Bc8 24. Qh2 h4 25. f4 Bh6 26. Qxh4 Rg8 27. Re8 Qg4 28. Qxg4 Bxg4 29. Rxg8 Kxg8 30. Ne8 f5 31. Nf6+ Kf7 32. Nxg4 1/2-1/2

[Event "GER HS-152 email"]
[Site "GER email"]
[Date "2013.08.19"]
[Round "?"]
[White "Selle, Uwe"]
[Black "Borchert, Stephan"]
[Result "1-0"]
[WhiteElo "1918"]
[BlackElo "1795"]
[PlyCount "105"]
[EventDate "2013.08.26"]
[EventType "tourn (corr)"]
[EventRounds "6"]
[EventCountry "GER"]
[SourceTitle "Corr 2015"]
[Source "ChessBase"]
[SourceDate "2015.07.17"]
[SourceVersion "1"]
[SourceVersionDate "2015.07.17"]
[SourceQuality "1"]

1. e4 e6 2. d4 d5 3. Nc3 Nf6 4. Bg5 Bb4 5. e5 h6 6. Be3 Ne4 7. Qg4 g6 8. a3 Bxc3+ 9. bxc3 Nxc3 10. Bd3 b6 11. Ne2 Nxe2 12. Qxe2 Bb7 13. 0-0 Nc6 14. a4 Qh4 15. c3 Na5 16. f3 0-0-0 17. Rfb1 Kb8 18. Ra2 Rdg8 19. Rab2 Nc6 20. Rb5 a5 21. Bc1 Qd8 22. Ba3 Ka8 23. R5b2 h5 24. Kh1 Na7 25. Rc2 Qd7 26. Bc1 g5 27. Be3 Qxa4 28. Qd2 g4 29. Rf1 g3 30. h4 Qd7 31. Bg5 Bc6 32. Bf6 Bb5 33. Bxb5 Qxb5 34. Rfc1 Rh7 35. c4 dxc4 36. Rxc4 c6 37. R4c2 Qa6 38. Ra2 Rc8 39. Rb2 Nb5 40. Rbc2 Qb7 41. Qd3 Rh6 42. Qxb5 cxb5 43. Rxc8+ Ka7 44. R8c7 Qxc7 45. Rxc7+ Ka6 46. Kg1 b4 47. Kf1 b3 48. Rc1 a4 49. Be7 Rh8 50. Ke2 Rc8 51. Kd2 Rxc1 52. Kxc1 Kb5 53. d5 1-0

[Event "GER HS-152 email"]
[Site "GER email"]
[Date "2013.08.19"]
[Round "?"]
[White "Selle, Uwe"]
[Black "Mayer, Johann"]
[Result "1-0"]
[WhiteElo "1918"]
[BlackElo "1915"]
[PlyCount "97"]
[EventDate "2013.08.26"]
[EventType "tourn (corr)"]
[EventRounds "6"]
[EventCountry "GER"]
[SourceTitle "Corr 2015"]
[Source "ChessBase"]
[SourceDate "2015.07.17"]
[SourceVersion "1"]
[SourceVersionDate "2015.07.17"]
[SourceQuality "1"]

1. e4 e5 2. Nf3 Nc6 3. Bb5 a6 4. Ba4 Nf6 5. 0-0 Be7 6. Nc3 b5 7. Bb3 d6 8. Nd5 Na5 9. Nxe7 Qxe7 10. d3 0-0 11. h3 Nxb3 12. axb3 Bb7 13. Nh4 d5 14. Nf5 Qe6 15. f3 Ne8 16. Be3 Nd6 17. Bc5 Rfd8 18. Bxd6 cxd6 19. Qd2 Qf6 20. c4 dxc4 21. bxc4 Bc6 22. Ne3 Qg5 23. Ra5 h6 24. Qf2 Qe7 25. b3 Qc7 26. Rfa1 Bb7 27. Kh2 Qc5 28. Qd2 Kh7 29. Nf5 Qb6 30. cxb5 axb5 31. Rxa8 Bxa8 32. Qe3 Qxe3 33. Nxe3 d5 34. Ra7 Kg8 35. Nf5 Kf8 36. Rc7 dxe4 37. dxe4 b4 38. Kg3 Kg8 39. Kg4 Kf8 40. h4 Kg8 41. h5 Kf8 42. Kh4 Kg8 43. g4 Rb8 44. g5 hxg5+ 45. Kxg5 Bb7 46. h6 gxh6+ 47. Kf6 Ba6 48. Nxh6+ Kf8 49. Nxf7 1-0

[Event "GER HS-152 email"]
[Site "GER email"]
[Date "2013.08.19"]
[Round "?"]
[White "Selle, Uwe"]
[Black "Tassone, Raffaele"]
[Result "1/2-1/2"]
[WhiteElo "1918"]
[BlackElo "1988"]
[PlyCount "85"]
[EventDate "2013.08.26"]
[EventType "tourn (corr)"]
[EventRounds "6"]
[EventCountry "GER"]
[SourceTitle "Corr 2015"]
[Source "ChessBase"]
[SourceDate "2015.07.17"]
[SourceVersion "1"]
[SourceVersionDate "2015.07.17"]
[SourceQuality "1"]

1. e4 c5 2. Nf3 d6 3. d4 cxd4 4. Nxd4 Nf6 5. Nc3 e6 6. Be3 a6 7. Qf3 Nbd7 8. Be2 h5 9. 0-0 Ne5 10. Qg3 h4 11. Qh3 Ng6 12. Bd2 Bd7 13. Nb3 b5 14. a3 Qb6 15. Qe3 Qxe3 16. Bxe3 Rc8 17. f3 Be7 18. Rfd1 Ne5 19. Na5 Rb8 20. Ba7 Rc8 21. Rd2 g5 22. Bd4 Rg8 23. Kf1 Rg6 24. Rad1 g4 25. f4 Nc6 26. Nb7 Nd8 27. Nxd6+ Bxd6 28. f5 exf5 29. exf5 Bxf5 30. Bxf6 Rxf6 31. Rxd6 Rg6 32. R1d5 Bxc2 33. Rxg6 Bxg6 34. Bxg4 Ne6 35. Rd6 Rd8 36. Rxd8+ Kxd8 37. Bxe6 fxe6 38. Kf2 Ke7 39. Kf3 Kd6 40. Kg4 Kc5 41. Kxh4 Kc4 42. Kg5 Bc2 43. Ne2 1/2-1/2

[Event "GER HS-116 email"]
[Site "GER email"]
[Date "2012.01.01"]
[Round "?"]
[White "Selle, Uwe"]
[Black "Fiebiger, Klaus"]
[Result "1/2-1/2"]
[WhiteElo "1955"]
[BlackElo "1985"]
[PlyCount "45"]
[EventDate "2012.01.10"]
[EventType "tourn (corr)"]
[EventRounds "6"]
[EventCountry "GER"]
[SourceTitle "Corr 2015"]
[Source "ChessBase"]
[SourceDate "2015.07.17"]
[SourceVersion "1"]
[SourceVersionDate "2015.07.17"]
[SourceQuality "1"]

1. e4 e5 2. Nf3 Nc6 3. d4 exd4 4. Nxd4 Nf6 5. Nxc6 bxc6 6. Bd3 d5 7. Nc3 Bd6 8. exd5 cxd5 9. Qe2+ Be7 10. Bf4 0-0 11. 0-0 Rb8 12. b3 Bd6 13. Qd2 c5 14. Nb5 Bxf4 15. Qxf4 Bd7 16. a4 a6 17. Nc7 Rb4 18. Qe5 c4 19. bxc4 dxc4 20. Nxa6 Rxa4 21. Rxa4 Bxa4 22. Bxc4 Bxc2 23. Nc7 1/2-1/2

[Event "GER HS-084 email"]
[Site "GER email"]
[Date "2010.09.12"]
[Round "?"]
[White "Granz, Thomas"]
[Black "Selle, Uwe"]
[Result "1/2-1/2"]
[WhiteElo "1789"]
[BlackElo "1964"]
[PlyCount "93"]
[EventDate "2010.09.20"]
[EventType "tourn (corr)"]
[EventRounds "6"]
[EventCountry "GER"]
[SourceTitle "Corr 2015"]
[Source "ChessBase"]
[SourceDate "2015.07.17"]
[SourceVersion "1"]
[SourceVersionDate "2015.07.17"]
[SourceQuality "1"]
[WhiteTeam "Germany"]
[BlackTeam "Latvia"]
[WhiteTeamCountry "GER"]
[BlackTeamCountry "LAT"]

1. Nf3 Nf6 2. Nc3 d5 3. d4 c5 4. Bf4 Ne4 5. g3 f6 6. Bg2 cxd4 7. Qxd4 Nxc3 8. Qxc3 Nc6 9. 0-0 e5 10. Bd2 Be6 11. Rfd1 Qd7 12. Be1 Rd8 13. e4 Bb4 14. Qb3 d4 15. Qa4 Bxe1 16. Nxe1 0-0 17. Nd3 b6 18. f4 Qb7 19. fxe5 fxe5 20. Rf1 g6 21. Rxf8+ Rxf8 22. Rf1 Qc7 23. Qb5 Rxf1+ 24. Bxf1 Kg7 25. a3 Kf6 26. h4 a5 27. Ne1 Nd8 28. Bd3 Qc6 29. Qxc6 Nxc6 30. Nf3 h6 31. Kf2 Nd8 32. Nd2 Nb7 33. Bb5 Bf7 34. Bc6 Nc5 35. Bb5 a4 36. Kf3 g5 37. Kg4 h5+ 38. Kf3 g4+ 39. Ke2 Ke7 40. Kf2 Be8 41. Bd3 b5 42. Ke2 Ke6 43. b4 axb3 44. cxb3 Kd6 45. Bc2 Bc6 46. Bb1 Kc7 47. Bc2 1/2-1/2

[Event "GER HS-084 email"]
[Site "GER email"]
[Date "2010.09.12"]
[Round "?"]
[White "Selle, Uwe"]
[Black "Joachimsthaler, Karl"]
[Result "1/2-1/2"]
[WhiteElo "1964"]
[BlackElo "1789"]
[PlyCount "77"]
[EventDate "2010.09.20"]
[EventType "tourn (corr)"]
[EventRounds "6"]
[EventCountry "GER"]
[SourceTitle "Corr 2015"]
[Source "ChessBase"]
[SourceDate "2015.07.17"]
[SourceVersion "1"]
[SourceVersionDate "2015.07.17"]
[SourceQuality "1"]
[WhiteTeam "Germany"]
[BlackTeam "Latvia"]
[WhiteTeamCountry "GER"]
[BlackTeamCountry "LAT"]

1. d4 Nf6 2. c4 e6 3. Nf3 Bb4+ 4. Bd2 Qe7 5. e3 0-0 6. Be2 Bxd2+ 7. Nfxd2 d6 8. Nc3 e5 9. 0-0 exd4 10. exd4 Nc6 11. d5 Ne5 12. Nb3 c5 13. dxc6 bxc6 14. Re1 Qc7 15. Qd2 Be6 16. Nd4 Bd7 17. Rad1 Rad8 18. f4 Ng6 19. g3 Rfe8 20. Bf3 Qb6 21. b3 h6 22. Na4 Qc7 23. Rxe8+ Rxe8 24. Nc2 Bf5 25. Nc3 Qb6+ 26. Kg2 h5 27. Na4 Qc7 28. Nd4 Bd7 29. Nc3 Ne7 30. Re1 h4 31. gxh4 Ng6 32. Rxe8+ Nxe8 33. Be4 Nxh4+ 34. Kg3 Ng6 35. Bxg6 fxg6 36. Nf3 Nf6 37. Ng5 Bf5 38. h3 Qe7 39. Qe2 1/2-1/2